Statistiques concernant intercommunalités des Côtes-d'Armor

Cliquez ici pour prendre le quiz!

Statistiques générales

  • Ce quiz a été pris 22 fois
  • Le résultat moyen est 5 sur 8

Statistiques - réponses

Nombres de CommunesIntercommunalités% Correct
32Saint-Brieuc Armor Agglomération
95%
65Dinan Agglomération
76%
57Trégor Communauté
76%
57Guingamp-Paimpol Agglomération
67%
38Lamballe Terre et Mer
62%
41Loudéac Communauté-Bretagne Centre
57%
23Communauté de Communes du Kreiz-Breizh
29%
27Leff Armor Communauté
24%

Distribution des résultats

Percentile par nombre de réponses

% des personnes avec chaque résultat

Votre développement - résultats

Vous n’avez pas pris ce quiz